| 000 | 00712cam7a220021700 4500 | ||
|---|---|---|---|
| 001 | lce00136791 | ||
| 008 | 761013s1977 cau b 000 0 eng | ||
| 010 | _a 76048311 | ||
| 020 |
_c _7.00. a13.2..1.17 _c _4.00 |
||
| 035 | _a(Sirsi) r16621 | ||
| 035 | _a(DLC) 76048311 | ||
| 035 | _a(UPRA)lce00136791 | ||
| 050 | 0 |
_aPS3529.L655 _bF5 1977 |
|
| 082 | _a812/.5/4 | ||
| 100 | 1 |
_aOlson, Charles, 1910-1970. _dOlson, Charles, 1910-1970. _6A63758.1 |
|
| 245 | 1 | 4 |
_aThe fiery hunt and other plays / _cCharles Olson. |
| 260 |
_aBolinas, Calif. : _bFour Seasons Foundation, _cc1977. |
||
| 504 | _aIncludes bibliographical references. | ||
| 949 |
_aPS3529.L655 _wlcc _i-11633 _mMAIN _tBOOK _lON-SHELF |
||
| 004 | 16621 | ||
| 999 |
_c159816 _d159816 |
||